00647nam a2200205Ia 4500008004100000020001800041050001400059100002000073245002700093245005300120260002300173260002400196260000900220300001400229300002500243300001000268440004100278999001900319952010300338180207s9999 xx 000 0 und d a9788131919842 bN218 2012 aNarang, Manmeet 4aThe magic of honesty / cby Manmeet Narang ; illustrated by Suman S. Roy. aNew Delhi, India : bB. Jain Publishers, c2012 aunpaged : bcolor illustration ; c20cm. aThe magical world of Benny and Buzo. c355723d355723 001040aSSISMbSSISMd2018-02-07l0oER N218 2012pSSISM5268r2018-02-07 00:00:00w2018-02-07yBK